000 00247nam a2200097Ia 4500
008 200302s9999 xx 000 0 und d
100 _aAuthor
245 _aInterior Space Living Room & dining Room
260 _bArchiworld Co. Ltd.
300 _a303 P.,
999 _c5074
_d5074